000 00366cam a22001337a 4500
008 180718b1993 xxu||||| |||| 00| 0 eng d
020 _a8170331982
082 _aB1x54 D536
100 _aDhanagare, D.N.
245 _aThemes and perspectives in Indian sociology
_cby D.N. Dhanagare
260 _aJaipur
_bRawat
_c1993
300 _a209p.
650 _aSociology - India
999 _c359899
_d359899